| 000 | 00925nam a2200265 a 4500 | ||
|---|---|---|---|
| 001 | 45503 | ||
| 003 | BD-RjUL | ||
| 005 | 20211209054026.0 | ||
| 008 | 160726s19631961enk b 000 0 eng | ||
| 035 | _a(BD-RjUL)45621 | ||
| 040 |
_aDLC _cODaWU _dNBrockU _dUk _dDLC _dBD-RjUL _beng |
||
| 041 | _aeng | ||
| 082 |
_a338.9 _223 _bFED 1963 |
||
| 245 | 0 | 0 |
_aFederalism and economic growth : _bin underdeveloped countries,a symposium / _cby U.K. Hicks, F, G. Carnell, J. R. Hicks, W. T. Newlyn, A. H. Birch |
| 260 |
_aLondon : _bAllen & Unwin ltd., _cc1961[imp. 1963] |
||
| 300 |
_a185 p. ; _c23 cm. |
||
| 650 | 0 |
_aDeveloping countries. _9139292 |
|
| 650 | 0 |
_aEconomic development. _9139293 |
|
| 700 | 1 |
_aHicks, Ursula K. _q(Ursula Kathleen), _d1896-1985. _9139294 |
|
| 700 | 1 |
_aCarnell, F, G. _9139295 |
|
| 700 | 1 |
_a Hicks, J. R. _9139296 |
|
| 700 | 1 |
_aNewlyn, W. T. _9134027 |
|
| 700 | 1 |
_aBirch, A. H. _9139297 |
|
| 942 |
_2ddc _cBK |
||
| 999 |
_c45503 _d45503 |
||